| 000 | 00975nas a2200337 4500 | ||
|---|---|---|---|
| 001 | BR0900207 | ||
| 003 | BR-BrBNA | ||
| 005 | 20231205113023.0 | ||
| 007 | ta | ||
| 008 | 230509b bl.|||p| |||| 00| 00por d | ||
| 040 |
_aBR-BrBNA _bpor _cBiblioteca Nacional de Agricultura |
||
| 041 | _a(Pt) | ||
| 072 | _aL02 | ||
| 100 | 1 | _aWunsch, C. | |
| 100 | 1 | _aBarcellos, J.O.J. | |
| 100 | 1 | _aPrates, E.R. | |
| 100 | 1 | _aCosta, E.C. da | |
| 100 | 1 | _aMontanholi, Y.R. | |
| 100 | 1 | _aBrandão, F. | |
| 245 | 1 | _aMacrominerais para bovinos de corte nas pastagens nativas dos Campos de Cima da Serra - RS | |
| 650 | _aGADO DE CORTE | ||
| 650 | _aEXIGÊNCIA NUTRICIONAL | ||
| 650 | _aPASTAGEM | ||
| 650 | _aCÁLCIO | ||
| 650 | _aFÓSFORO | ||
| 650 | _aMINERAL | ||
| 650 | _aRIO GRANDE DO SUL | ||
| 773 | 0 |
_tCiência Rural (Brazil) _xISSN 0103-8478 _g(Jul-Aug 2006), v. 36(4) p. 1258-1264 _wBR0900207 |
|
| 909 |
_a202311 _bLúcia _c55 _dLúcia Elande |
||
| 942 |
_2AGRIS _n0 _cANA |
||
| 999 |
_c201370 _d201370 |
||